Central Library, Doon University
WEBOPAC (ONLINE PUBLIC ACCESS CATALOGUE)

Vulgarity of Caste (Record no. 59544)

MARC details
000 -LEADER
fixed length control field 00479nam a22001817a 4500
005 - DATE & TIME
control field 20250326151948.0
008 - FIXED-LENGTH DATA ELEMENTS--GENERAL INFORMATION
fixed length control field 250326b |||||||| |||| 00| 0 eng d
020 ## - ISBN
International Standard Book Number 9788195539215
Price 599.00
040 ## - CATALOGING SOURCE
Original cataloging agency Doon University
041 ## - Language
Language English
082 ## - DDC NUMBER
Classification number 195
Book Number PAI
100 ## - MAIN ENTRY--PERSONAL NAME
Personal name Paik, Shailaja
245 ## - TITLE STATEMENT
Title Vulgarity of Caste
Sub Title : Dalits Sexuality And Humanity in Modern India
260 ## - PUBLICATION, DISTRIBUTION, ETC. (IMPRINT)
Place of publication, distribution, etc New Delhi
Name of publisher, distributor, etc Navayana
Date of publication, distribution, etc 2024
300 ## - PHYSICAL DESCRIPTION
Pages 400
650 ## - Subject
Subject Communication
942 ## - ADDED ENTRY ELEMENTS (KOHA)
Koha item type Books
100 ## - MAIN ENTRY--PERSONAL NAME
-- 25457
952 ## - LOCATION AND ITEM INFORMATION (KOHA)
-- 2025-03-26
952 ## - LOCATION AND ITEM INFORMATION (KOHA)
-- 1
-- 2026-02-19
-- 2025-03-26
952 ## - LOCATION AND ITEM INFORMATION (KOHA)
-- 2025-03-26
952 ## - LOCATION AND ITEM INFORMATION (KOHA)
-- 2025-03-26
952 ## - LOCATION AND ITEM INFORMATION (KOHA)
-- 2025-03-26
Holdings
Withdrawn status Lost status Source of classification or shelving scheme Damaged status Not for loan Location (home branch) Sublocation or collection (holding branch) Date acquired Koha full call number Accession No. Koha date last seen Koha item type Koha issues (times borrowed)
        Not For Loan Doon University Doon University 26.03.2025 195 PAI 50970 26.03.2025 Reference  
          Doon University Doon University 26.03.2025 195 PAI 50971 06.03.2026 Books 1
          Doon University Doon University 26.03.2025 195 PAI 50972 26.03.2025 Books  
          Doon University Doon University 26.03.2025 195 PAI 50973 26.03.2025 Books  
          Doon University Doon University 26.03.2025 195 PAI 50974 26.03.2025 Books  
Contact : +91-135-2533126 (Library),+91-135-2533105 (Admin Office) , Email : doonlibrary@gmail.com

Powered by Koha